Old Actors - Statistics

General Stats
  • This quiz has been taken 42 times
  • The average score is 10 of 16
Answer Stats
Picture Answer % Correct
Charlie Chaplin
97%
Marilyn Monroe
97%
Fred Astaire
95%
Audrey Hepburn
92%
Humphrey Bogart
92%
Clark Gable
87%
Marlon Brando
87%
James Cagney
71%
Orson Welles
68%
Gregory Peck
66%
Henry Fonda
66%
Judy Garland
61%
Mae West
45%
Glynis Johns
11%
Conrad Viedt
3%
Pola Negri
3%
No matching quizzes found
Score Distribution
Percent of People with Each Score
Percentile by Number Answered
Your Score History
You have not taken this quiz